[Event "European Blitz 2015"]
[Site "Minsk BLR"]
[Date "2015.12.18"]
[Round "14.44"]
[White "Pavlidis, Anastasios"]
[Black "Grishchenko, Sergey1"]
[Result "0-1"]
[WhiteTitle "IM"]
[BlackTitle "IM"]
[WhiteElo "2410"]
[BlackElo "2442"]
[WhiteFideId "4208404"]
[BlackFideId "4136730"]
[EventDate "2015.12.18"]
[EventType "swiss (blitz)"]

1. d4 d5 2. c4 e6 3. Nc3 c5 4. cxd5 cxd4 5. Qxd4 Nc6 6. Qa4 exd5 7. Nf3 d4 8.
Nb5 a6 9. Bd2 Bc5 10. Rc1 Qb6 11. Na3 Nf6 12. Nc4 Qa7 13. Nce5 O-O 14. Nxc6 bxc6
15. Qxc6 Bb6 16. g3 Bb7 17. Qa4 d3 18. Be3 Bxe3 19. fxe3 Bxf3 0-1

[Event "European Blitz 2015"]
[Site "Minsk BLR"]
[Date "2015.12.18"]
[Round "14.45"]
[White "Bodnaruk, Anastasia"]
[Black "Gritsenko, Nikolai"]
[Result "0-1"]
[WhiteTitle "IM"]
[BlackTitle "FM"]
[WhiteElo "2456"]
[BlackElo "2309"]
[WhiteFideId "4181751"]
[BlackFideId "14112493"]
[EventDate "2015.12.18"]
[EventType "swiss (blitz)"]

1. e4 e5 2. Nf3 d6 3. d4 exd4 4. Nxd4 Nf6 5. Nc3 g6 6. Be2 Bg7 7. O-O O-O 8. f4
Re8 9. Bf3 Nbd7 10. Re1 Nc5 11. b4 Ncd7 12. Be3 Nb6 13. Bf2 a5 14. b5 Bd7 15. a4
Qc8 16. h3 Be6 17. g4 h6 18. Qd2 Nfd7 19. Nxe6 Rxe6 20. Bd4 Qf8 21. Rad1 Rae8
22. h4 Bxd4+ 23. Qxd4 g5 24. hxg5 hxg5 25. f5 Rh6 26. Kg2 Qg7 27. Qxg7+ Kxg7 28.
Rh1 Rxh1 29. Rxh1 Ne5 30. Be2 f6 31. Nd5 Nxd5 32. exd5 Nd7 33. Kf2 Re4 34. c4
Ne5 35. Rc1 b6 36. Rc3 Nxg4+ 37. Bxg4 Rxg4 38. Re3 Kf7 39. Rh3 Rxc4 40. Rh7+ Kf8
41. Ke3 Ke8 42. Rg7 Kd8 43. Rg8+ Kd7 44. Rg7+ Kc8 45. Rf7 Rxa4 46. Rxf6 Rf4 47.
Rf8+ Kb7 48. Kd3 g4 49. f6 g3 50. Rg8 Rxf6 51. Rxg3 Rf4 52. Kc3 Rb4 53. Rg5 Rxb5
54. Kc4 Rc5+ 55. Kd4 b5 0-1

[Event "European Blitz 2015"]
[Site "Minsk BLR"]
[Date "2015.12.18"]
[Round "14.46"]
[White "Sysolyatin, Evgeny"]
[Black "Belyakov, Bogdan"]
[Result "0-1"]
[WhiteTitle "FM"]
[BlackTitle "IM"]
[WhiteElo "2289"]
[BlackElo "2511"]
[WhiteFideId "4154916"]
[BlackFideId "24104795"]
[EventDate "2015.12.18"]
[EventType "swiss (blitz)"]

1. e4 e5 2. Nf3 Nc6 3. Bb5 Nf6 4. O-O Nxe4 5. Re1 Nd6 6. Nxe5 Be7 7. Bf1 Nxe5 8.
Rxe5 O-O 9. d4 Bf6 10. Re1 Re8 11. Rxe8+ Nxe8 12. c3 d5 13. Bf4 Nd6 14. Nd2 c6
15. Bd3 Be6 16. Qc2 g6 17. Re1 Qd7 18. Nf3 Bf5 19. Be5 Bxd3 20. Qxd3 Bxe5 21.
Nxe5 Qf5 22. Qxf5 Nxf5 23. Nd3 h5 24. h3 h4 25. Nc5 b6 26. Nd7 Rd8 27. Ne5 Rc8
28. Rd1 Kg7 29. Kf1 f6 30. Nd3 g5 31. Ke2 Re8+ 32. Kd2 Nd6 33. Re1 Rxe1 34. Kxe1
a5 35. Ke2 Kf7 36. b3 Ne4 37. c4 Nc3+ 38. Kd2 Nxa2 39. cxd5 cxd5 40. f4 Kg6 41.
Kc2 Kf5 42. fxg5 fxg5 43. Kb2 Nb4 44. Kc3 Nxd3 0-1

[Event "European Blitz 2015"]
[Site "Minsk BLR"]
[Date "2015.12.18"]
[Round "14.47"]
[White "Khoroshilov, Nikita"]
[Black "Pavlov, Sergey2"]
[Result "1-0"]
[BlackTitle "IM"]
[WhiteElo "2294"]
[BlackElo "2454"]
[WhiteFideId "24145122"]
[BlackFideId "14114330"]
[EventDate "2015.12.18"]
[EventType "swiss (blitz)"]

1. Nf3 d5 2. d3 g6 3. g3 Bg7 4. Bg2 e5 5. Nbd2 Ne7 6. e4 Nbc6 7. O-O O-O 8. Re1
h6 9. c3 a5 10. a4 Re8 11. h4 Be6 12. h5 g5 13. exd5 Nxd5 14. Nh2 f5 15. Nc4 Bf7
16. g4 Nf4 17. Bxf4 exf4 18. Rxe8+ Qxe8 19. gxf5 Rd8 20. Qf3 Bxh5 21. Ng4 Bf7
22. f6 Bf8 23. Qe4 Qxe4 24. Bxe4 Bd5 25. Re1 Bxe4 26. dxe4 Kf7 27. e5 Ke6 28. f3
Rd5 29. Kg2 h5 30. Nf2 Rc5 31. b3 Rd5 32. Ne4 Kf5 33. f7 Nd8 34. Nf6 Rd3 35. Nh7
Ne6 36. Nxf8 Nxf8 37. e6 Nxe6 38. Rxe6 Rd8 39. Re8 1-0

[Event "European Blitz 2015"]
[Site "Minsk BLR"]
[Date "2015.12.18"]
[Round "14.48"]
[White "Karpov, Vadim"]
[Black "Naboka, Sergey"]
[Result "1/2-1/2"]
[WhiteTitle "IM"]
[BlackTitle "FM"]
[WhiteElo "2377"]
[BlackElo "2266"]
[WhiteFideId "4155025"]
[BlackFideId "14123452"]
[EventDate "2015.12.18"]
[EventType "swiss (blitz)"]

1. e4 c5 2. Nf3 Nc6 3. Bb5 d6 4. Bxc6+ bxc6 5. O-O e5 6. c3 f5 7. exf5 Bxf5 8.
d4 e4 9. Re1 Be7 10. dxc5 d5 11. Nd4 Qd7 12. f3 Nf6 13. Bg5 O-O 14. Nd2 Bxc5 15.
Bxf6 Rxf6 16. fxe4 Bg4 17. Qb3 Raf8 18. exd5 Qxd5 19. Ne4 Bxd4+ 20. cxd4 Rg6 21.
Qxd5+ cxd5 22. Nc3 Bf3 23. g3 h5 24. Re3 h4 25. Rf1 Rgf6 26. Rf2 hxg3 27. hxg3
g5 28. Re5 g4 29. Nxd5 Rh6 30. Rh2 Rxh2 31. Kxh2 Kg7 32. Ne3 Rh8+ 33. Kg1 Rh1+
34. Kf2 Rh2+ 35. Kf1 Rh1+ 36. Kf2 Rh2+ 37. Ke1 Rxb2 38. a4 Kf6 39. a5 Rb4 40.
Nc2 Rc4 41. Kd2 Ra4 42. Kc3 Bd1 43. Ne3 Bf3 44. Rc5 Ra3+ 45. Kd2 Ke6 46. Nc4
Ra2+ 47. Ke3 Ra1 48. Kf4 Rd1 49. Re5+ Kf7 50. Nd6+ Kf6 51. Ne4+ Kf7 52. Ng5+ Kf6
53. Nxf3 gxf3 54. Kxf3 Rxd4 55. Rc5 Ra4 56. g4 Kg6 57. Kg3 Ra1 58. Rc6+ Kg5 59.
Rc5+ Kg6 60. Kf4 Rf1+ 61. Kg3 Ra1 62. Kf3 Kf6 63. g5+ Kg6 64. Ke4 Ra4+ 65. Kd3
Ra1 66. Kc4 a6 67. Rd5 Rc1+ 68. Kd4 Ra1 69. Rc5 Rd1+ 70. Kc4 Kh5 71. Rd5 Rc1+
72. Kd4 Kg6 73. Rc5 Rd1+ 74. Kc4 Rc1+ 75. Kd4 Rd1+ 76. Ke4 Rb1 77. Re5 Rb4+ 78.
Kd5 Rb5+ 79. Kd6 Rxe5 80. Kxe5 Kxg5 81. Kd6 Kf6 82. Kc6 Ke6 83. Kb6 Kd6 84. Kxa6
Kc7 1/2-1/2

[Event "European Blitz 2015"]
[Site "Minsk BLR"]
[Date "2015.12.18"]
[Round "15.1"]
[White "Zhigalko, Sergei"]
[Black "Bortnyk, Mykola"]
[Result "1-0"]
[WhiteTitle "GM"]
[BlackTitle "IM"]
[WhiteElo "2655"]
[BlackElo "2416"]
[WhiteFideId "13502956"]
[BlackFideId "14120836"]
[EventDate "2015.12.18"]
[EventType "swiss (blitz)"]

1. e4 Nf6 2. e5 Nd5 3. d4 d6 4. Nf3 dxe5 5. Nxe5 c6 6. Be2 Bf5 7. O-O Nd7 8. Nf3
N7f6 9. a3 e6 10. c4 Nb6 11. Bf4 Be7 12. Nc3 O-O 13. Re1 h6 14. h3 Ne4 15. Bf1
Nxc3 16. bxc3 c5 17. Qb3 Qe8 18. a4 cxd4 19. cxd4 Qc8 20. a5 Nd7 21. c5 a6 22.
Ra2 Nb8 23. Rb2 Ra7 24. Ne5 Bd8 25. Ra1 Nc6 26. Nxc6 Qxc6 27. Bb8 Ra8 28. Bd6
Be4 29. Bxf8 Kxf8 30. f3 Bd5 31. Bc4 Bf6 32. Rd1 Bxc4 33. Qxc4 Rd8 34. Rb6 Qc7
35. c6 bxc6 36. Rxa6 c5 37. d5 exd5 38. Rxd5 Bd4+ 39. Kf1 g6 40. Rb6 Rxd5 41.
Qxd5 Qg3 42. Qa2 Qh2 43. Qd2 Qg1+ 44. Ke2 Qxg2+ 45. Kd3 Qxf3+ 46. Kc4 Kg7 47. a6
Qa3 48. Qc2 Qa5 49. Rc6 h5 50. Kd5 Qd8+ 51. Kc4 Qa5 52. Kd5 Qd8+ 53. Kc4 Qa5 54.
Qb3 Qa1 55. Kb5 h4 56. Rc7 Bc3 57. Qxf7+ Kh6 58. Qh7+ Kg5 59. Rxc5+ Kf4 60.
Qxh4+ Kf3 61. Qg4+ Kf2 62. Qf4+ Ke2 63. Qc4+ 1-0

[Event "European Blitz 2015"]
[Site "Minsk BLR"]
[Date "2015.12.18"]
[Round "15.2"]
[White "Bortnyk, Olexandr"]
[Black "Riazantsev, Alexander"]
[Result "1/2-1/2"]
[WhiteTitle "GM"]
[BlackTitle "GM"]
[WhiteElo "2552"]
[BlackElo "2646"]
[WhiteFideId "14120828"]
[BlackFideId "4125029"]
[EventDate "2015.12.18"]
[EventType "swiss (blitz)"]

1. d4 e6 2. Nc3 d5 3. Bf4 Nf6 4. Nb5 Na6 5. e3 c6 6. Nc3 Nb8 7. Nf3 a6 8. Bd3 c5
9. O-O c4 10. Be2 Bb4 11. Na4 Nbd7 12. a3 Be7 13. b4 cxb3 14. cxb3 b5 15. Nb2
O-O 16. Nd3 Ne4 17. Qc2 Bb7 18. Rfc1 Rc8 19. Qb2 Qb6 20. Nfe5 Nxe5 21. Bxe5 f6
22. Bf4 Rxc1+ 23. Rxc1 Rc8 24. f3 Rxc1+ 25. Qxc1 Nd6 26. Qc5 Nc8 27. Qxb6 Nxb6
28. Nc5 Bc8 29. a4 Bxc5 30. dxc5 bxa4 31. bxa4 Nxa4 32. Bd6 Bb7 33. Kf2 Nc3 34.
c6 Bxc6 35. Bxa6 Bb5 36. Bc8 Kf7 37. Bc5 h5 38. Ke1 Na4 39. Bb4 Nb6 40. Bb7 Nc4
41. Kf2 Ne5 42. Bc3 Nd3+ 43. Kg3 Nc5 44. Ba8 Bd7 45. Bb4 Nd3 46. Bc3 Ne5 47. h4
Nc4 48. Kf2 Bb5 49. Bb4 Nb6 50. Bb7 Nd7 51. Bc3 Nc5 52. Ba8 Nd3+ 53. Kg3 Ke8 54.
e4 Bc4 55. Bc6+ Kf7 56. exd5 Bxd5 57. Bb5 Nc5 58. Bb4 Nb3 59. Bc3 Nc5 60. Bb4
Nb7 61. Kf2 e5 62. Ba6 Nd8 63. Bb5 Ne6 64. Bd3 Nd4 65. Bc5 Ne6 66. Bb4 Bb3 67.
Bf5 Nf4 68. Bd2 Nd5 69. Be4 Ne7 70. Bb4 Ng8 71. Bd2 Be6 72. Bc1 Ne7 73. Ba3 Nc8
74. Bc5 Bc4 75. g4 hxg4 76. fxg4 Ne7 77. Kg3 Bd5 78. Bxe7 Bxe4 79. Bb4 Bc2 80.
h5 Bd1 81. Ba3 Kg8 82. Bd6 Kh7 83. Kh4 Kg8 84. Bb4 Kf7 85. Kg3 g6 86. hxg6+ Kxg6
87. Bc3 Kg5 88. Bd2+ Kg6 89. Bc3 Be2 1/2-1/2

[Event "European Blitz 2015"]
[Site "Minsk BLR"]
[Date "2015.12.18"]
[Round "15.3"]
[White "Grachev, Boris"]
[Black "Zubov, Alexander"]
[Result "0-1"]
[WhiteTitle "GM"]
[BlackTitle "GM"]
[WhiteElo "2652"]
[BlackElo "2601"]
[WhiteFideId "4129199"]
[BlackFideId "14109409"]
[EventDate "2015.12.18"]
[EventType "swiss (blitz)"]

1. d4 Nf6 2. Bf4 e6 3. e3 d5 4. Nd2 Bd6 5. Bg3 c5 6. c3 Nc6 7. Ngf3 a6 8. Bd3
Qe7 9. Ne5 Qc7 10. f4 Ne7 11. Bh4 b6 12. O-O Bb7 13. Qf3 h5 14. Rac1 b5 15. Qg3
Rg8 16. Qh3 Rh8 17. Qf3 Nf5 18. Bxf5 exf5 19. Bxf6 gxf6 20. Nd3 c4 21. Nf2 Qd7
22. Qh3 O-O-O 23. Nf3 Kb8 24. Nh4 Bc8 25. Qf3 Qc6 26. Nh1 Be6 27. Ng3 Qd7 28.
Qd1 Rdg8 29. Qc2 Rg4 30. Ngxf5 Bc7 31. h3 Rgg8 32. g3 Ka7 33. Kh2 Rb8 34. a3 a5
35. Ra1 Rb6 36. Kg2 Kb7 37. g4 Rg8 38. Kf3 Ra6 39. gxh5 Rh8 40. h6 Bxf5 41. Nxf5
Re6 42. Ng3 Rxh6 43. Qf5 Rg6 44. Rae1 Rxg3+ 45. Kxg3 Rxe3+ 46. Kg4 Rg3+ 47. Kxg3
Qxf5 48. h4 b4 49. axb4 axb4 50. Re3 Kc6 51. Ref3 Kb5 52. Rh1 Qg6+ 53. Kf2 Qh5
54. Kg3 Ka4 55. Ra1+ Kb3 56. cxb4+ Kxb4 57. Ra7 Qg6+ 58. Kf2 Bb6 59. Rb7 Kb5 60.
f5 Qg4 61. b3 Kc6 62. Rxb6+ Kxb6 63. bxc4 Qxh4+ 64. Ke2 Qe4+ 65. Re3 Qc2+ 66.
Kf3 Qxf5+ 0-1

[Event "European Blitz 2015"]
[Site "Minsk BLR"]
[Date "2015.12.18"]
[Round "15.6"]
[White "Bocharov, Dmitry"]
[Black "Savchenko, Boris"]
[Result "1/2-1/2"]
[WhiteTitle "GM"]
[BlackTitle "GM"]
[WhiteElo "2558"]
[BlackElo "2612"]
[WhiteFideId "4138716"]
[BlackFideId "4147332"]
[EventDate "2015.12.18"]
[EventType "swiss (blitz)"]

1. Nf3 d5 2. g3 Bf5 3. Bg2 e6 4. c4 c6 5. cxd5 exd5 6. O-O Na6 7. d3 Nf6 8. Nc3
Be7 9. Qc2 d4 10. Ne4 O-O 11. Bf4 Nxe4 12. dxe4 Nb4 13. Qb1 Bg6 14. Ne5 c5 15.
Nxg6 hxg6 16. e5 Qb6 17. Qe4 Rab8 18. a3 Nc6 19. e6 f5 20. Qc2 Rbd8 21. Rac1 g5
22. Bd2 Ne5 23. Qa4 g4 24. Bf4 Ng6 25. Bd2 Rf6 26. e3 Rxe6 27. Ba5 Qa6 28. Qb3
c4 29. Rxc4 Qxa5 30. Rxd4 Kf7 31. Bd5 Nf8 32. Rfd1 Re8 33. Bxe6+ Nxe6 34. Rd5
Qa6 35. Rxf5+ Bf6 36. Rd7+ Kg6 37. Qc2 Kh6 38. Rxf6+ gxf6 39. Qh7+ Kg5 40. Qh4+
Kg6 41. Qxg4+ Ng5 42. f4 Qe6 43. Qxe6 Nxe6 44. Rxb7 Nc5 45. Rxa7 Rxe3 46. b4 Ne4
47. b5 Kf5 48. b6 Rb3 49. Ra5+ Kg4 50. Ra4 Rb1+ 51. Kg2 Rb2+ 52. Kg1 Kf3 53. Rb4
Rg2+ 54. Kf1 Nd2+ 55. Ke1 Ke3 56. Kd1 Kd3 57. Kc1 Kc3 58. Kd1 Kd3 59. Kc1 Kc3
60. Kd1 Kd3 1/2-1/2

[Event "European Blitz 2015"]
[Site "Minsk BLR"]
[Date "2015.12.18"]
[Round "15.7"]
[White "Inarkiev, Ernesto"]
[Black "Melkumyan, Hrant"]
[Result "0-1"]
[WhiteTitle "GM"]
[BlackTitle "GM"]
[WhiteElo "2668"]
[BlackElo "2654"]
[WhiteFideId "4162722"]
[BlackFideId "13302485"]
[EventDate "2015.12.18"]
[EventType "swiss (blitz)"]

1. d4 Nf6 2. c4 g6 3. Nf3 Bg7 4. e3 O-O 5. Be2 c5 6. d5 e6 7. Nc3 d6 8. O-O exd5
9. cxd5 Bg4 10. Nd2 Bxe2 11. Qxe2 Re8 12. a4 Na6 13. Nc4 Nb4 14. Rd1 Ne4 15.
Nxe4 Rxe4 16. Bd2 Qd7 17. Bc3 Rae8 18. Bxb4 cxb4 19. Qd3 Rg4 20. f3 Rxc4 21.
Qxc4 Bxb2 22. Ra2 Bc3 23. e4 Rc8 24. Qd3 Qc7 25. Rb1 Qb6+ 26. Kf1 a5 27. g3 Rc5
28. Kg2 Qc7 29. Rc2 Rc4 30. Rb3 Qc5 31. h4 Rd4 32. Qe2 h5 33. f4 Kf8 34. Qf3 Qc4
35. Rbxc3 bxc3 36. Qxc3 Qxc3 37. Rxc3 Rxe4 38. Rc8+ Kg7 39. Rc7 Rxa4 40. Rxb7
Rd4 41. Rb5 a4 42. Ra5 Kf6 43. Ra6 Ke7 44. Kf2 f5 45. Ra7+ Kd8 46. Ke3 Rb4 47.
Kd2 Rb2+ 48. Kc3 Rg2 49. Rxa4 Rxg3+ 50. Kc4 Rf3 51. Kb5 Rc3 52. Kb6 Rc5 53. Ra7
Rxd5 54. Kc6 Rd4 55. Rg7 Ke8 56. Rxg6 Rxf4 57. Kxd6 Kf7 58. Rg5 Rxh4 59. Ke5 Ra4
60. Rxh5 Kg6 61. Rh1 Re4+ 62. Kd5 Kf6 63. Rf1 Ra4 64. Rg1 f4 65. Kc5 Kf5 66. Kd5
Ra3 67. Kd4 f3 0-1

[Event "European Blitz 2015"]
[Site "Minsk BLR"]
[Date "2015.12.18"]
[Round "15.8"]
[White "Dzhumagaliev, Yan"]
[Black "Ponkratov, Pavel"]
[Result "1-0"]
[WhiteTitle "FM"]
[BlackTitle "GM"]
[WhiteElo "2400"]
[BlackElo "2604"]
[WhiteFideId "24100110"]
[BlackFideId "4157800"]
[EventDate "2015.12.18"]
[EventType "swiss (blitz)"]

1. d4 Nf6 2. g3 c5 3. d5 e6 4. c4 exd5 5. cxd5 d6 6. Bg2 g6 7. Nc3 Bg7 8. Nf3
O-O 9. O-O Re8 10. Nd2 b6 11. a4 Ba6 12. Re1 Nbd7 13. h3 Nh5 14. Nb5 Ne5 15. Ne4
Bxb5 16. axb5 Qc7 17. Ra4 Nf6 18. Nc3 Nh5 19. Kh2 f5 20. e4 c4 21. Bf1 fxe4 22.
Nxe4 Nf6 23. Nxf6+ Bxf6 24. Be3 Qd7 25. Bxc4 Nxc4 26. Rxc4 Qxb5 27. b3 Re5 28.
Bf4 Rxe1 29. Qxe1 Qxd5 30. Qb4 Re8 31. Qxd6 Qxd6 32. Bxd6 Kf7 33. Rc7+ Ke6 34.
Ba3 a5 35. Rxh7 Bd4 36. Kg2 Rc8 37. Re7+ Kd5 38. Rd7+ Ke4 39. Re7+ Kd3 40. Rf7
Rc2 41. Rf3+ Ke4 42. Rf4+ Kd5 43. h4 b5 44. Be7 Re2 45. Bf6 Be3 46. Rf3 Bc5 47.
Bc3 Ra2 48. g4 Ra3 49. Bd2 Ra2 50. Bc3 Ra3 51. Bd2 Ra2 52. Bc3 Ra3 53. Bf6 Ra2
54. h5 gxh5 55. gxh5 Bf8 56. Bg5 Bd6 57. h6 Be5 58. Rf5 a4 59. h7 Ke6 60. Rxe5+
Kxe5 61. h8=Q+ Ke4 62. Qe8+ Kf5 63. Qxb5+ 1-0

[Event "European Blitz 2015"]
[Site "Minsk BLR"]
[Date "2015.12.18"]
[Round "15.9"]
[White "Belous, Vladimir"]
[Black "Romanov, Evgeny"]
[Result "1/2-1/2"]
[WhiteTitle "GM"]
[BlackTitle "GM"]
[WhiteElo "2557"]
[BlackElo "2590"]
[WhiteFideId "4174003"]
[BlackFideId "4148843"]
[EventDate "2015.12.18"]
[EventType "swiss (blitz)"]

1. c4 e5 2. g3 Nf6 3. Bg2 c6 4. d4 exd4 5. Qxd4 d5 6. cxd5 cxd5 7. Nf3 Nc6 8.
Qa4 Bc5 9. O-O O-O 10. Nbd2 Re8 11. Qd1 h6 12. Nb3 Bb6 13. Nbd4 Bg4 14. Be3 Qd7
15. Nxc6 bxc6 16. Bd4 Ne4 17. Ne5 Rxe5 18. Bxe5 Nxf2 19. Rxf2 Bxf2+ 20. Kxf2
Qf5+ 21. Bf4 g5 22. Qd4 Re8 23. e3 gxf4 24. Qxf4 d4 25. e4 Qxf4+ 26. gxf4 c5 27.
Rc1 Rc8 28. Bf1 Kf8 29. f5 f6 30. b4 Re8 31. h3 Bh5 32. bxc5 Rxe4 33. c6 Be8 34.
c7 Bd7 35. c8=Q+ Bxc8 36. Rxc8+ Ke7 37. Rc7+ Kd6 38. Rxa7 Rf4+ 39. Ke2 d3+ 40.
Kxd3 Rxf1 41. Ke4 Rh1 42. Rf7 Rxh3 43. Rxf6+ Ke7 44. Ra6 Rh1 45. a4 h5 46. a5
Ra1 47. Kf4 h4 48. Kg4 Ra4+ 49. Kh3 Kf7 50. Ra8 Kf6 51. a6 Kg5 52. a7 Ra3+ 53.
Kg2 Ra2+ 54. Kf3 Ra3+ 55. Kf2 Ra2+ 56. Ke3 Ra3+ 57. Ke4 Ra4+ 58. Ke3 Ra3+ 59.
Kd4 Ra4+ 60. Kc3 Kxf5 61. Rf8+ Kg4 62. a8=Q Rxa8 63. Rxa8 h3 64. Kd3 h2 65. Rh8
Kg3 66. Ke3 Kg2 67. Rg8+ Kf1 68. Rf8+ Kg2 69. Rg8+ Kf1 70. Rh8 Kg2 71. Rxh2+
Kxh2 1/2-1/2

[Event "European Blitz 2015"]
[Site "Minsk BLR"]
[Date "2015.12.18"]
[Round "15.10"]
[White "Shtembuliak, Evgeny"]
[Black "Roiz, Michael"]
[Result "1-0"]
[WhiteTitle "FM"]
[BlackTitle "GM"]
[WhiteElo "2420"]
[BlackElo "2594"]
[WhiteFideId "14113325"]
[BlackFideId "2804158"]
[EventDate "2015.12.18"]
[EventType "swiss (blitz)"]

1. Nf3 Nf6 2. g3 g6 3. Bg2 Bg7 4. O-O O-O 5. c4 c6 6. d3 d5 7. Qc2 Re8 8. Bf4
Nbd7 9. cxd5 Nxd5 10. Bd2 c5 11. Nc3 Nb4 12. Qc1 Nc6 13. Bh6 e5 14. Bg5 f6 15.
Be3 Kh8 16. Ne4 Nd4 17. Bxd4 exd4 18. Nxc5 Nxc5 19. Qxc5 Rxe2 20. Rab1 b6 21.
Qc6 Rb8 22. Rfe1 Bb7 23. Qa4 Rxe1+ 24. Rxe1 a6 25. h4 b5 26. Qb3 Qd7 27. Nd2
Bxg2 28. Kxg2 f5 29. Nf3 Re8 30. Rxe8+ Qxe8 31. Qd5 h6 32. Nxd4 Qe5 33. Qa8+ Kh7
34. Nf3 Qd6 35. b3 Qa3 36. h5 gxh5 37. Qd5 Qxa2 38. Qxf5+ Kh8 39. Qc8+ Kh7 40.
Qf5+ Kh8 41. d4 Qxb3 42. d5 Qd1 43. Nh4 Qg4 44. Ng6+ Kg8 45. Ne7+ Kh8 46. Qf7
Qe4+ 47. Kh2 1-0

[Event "European Blitz 2015"]
[Site "Minsk BLR"]
[Date "2015.12.18"]
[Round "15.11"]
[White "Smirin, Ilia"]
[Black "Rozum, Ivan"]
[Result "0-1"]
[WhiteTitle "GM"]
[BlackTitle "GM"]
[WhiteElo "2658"]
[BlackElo "2559"]
[WhiteFideId "2801990"]
[BlackFideId "24104272"]
[EventDate "2015.12.18"]
[EventType "swiss (blitz)"]

1. e4 c6 2. d4 d5 3. Nd2 dxe4 4. Nxe4 Bf5 5. Ng3 Bg6 6. Nh3 e6 7. Nf4 Bd6 8.
Ngh5 Bxh5 9. Nxh5 g6 10. Nf4 Nf6 11. Qf3 Nbd7 12. Bd3 O-O 13. O-O Qc7 14. h3 e5
15. Ne2 Rfe8 16. dxe5 Nxe5 17. Qxf6 Nxd3 18. Bh6 Be5 19. Qf3 Nxb2 20. Ng3 Nc4
21. Ne4 f5 22. Qb3 b5 23. Ng5 Bxa1 24. Rxa1 Qe5 25. Rf1 Rad8 26. h4 Rd7 27. h5
Red8 28. Qf3 Nd2 29. Qxc6 Nxf1 30. hxg6 Qh2+ 31. Kxf1 Qh1+ 32. Ke2 Qh5+ 33. f3
Qxg6 34. Qxb5 Qxh6 0-1

[Event "European Blitz 2015"]
[Site "Minsk BLR"]
[Date "2015.12.18"]
[Round "15.13"]
[White "Guseinov, Gadir"]
[Black "Johannessen, Leif Erlend"]
[Result "1-0"]
[WhiteTitle "GM"]
[BlackTitle "GM"]
[WhiteElo "2646"]
[BlackElo "2487"]
[WhiteFideId "13401378"]
[BlackFideId "1501674"]
[EventDate "2015.12.18"]
[EventType "swiss (blitz)"]

1. e4 e6 2. d4 d5 3. Nd2 Nf6 4. e5 Nfd7 5. Ngf3 c5 6. c3 Nc6 7. Bd3 cxd4 8. cxd4
a5 9. a4 Nb6 10. O-O Nb4 11. Bb1 Be7 12. Re1 Bd7 13. Nf1 Rc8 14. Bd2 Nc4 15. Bc3
b5 16. axb5 Bxb5 17. Ng3 h5 18. h4 g6 19. b3 Na3 20. Qd2 Nxb1 21. Rexb1 Kf8 22.
Ng5 Kg7 23. Nf1 Qc7 24. Bxb4 Bxb4 25. Qf4 Qe7 26. Rc1 Bd3 27. Ng3 Rhf8 28. Qf3
Bc2 29. Ra2 Rc3 30. Qf6+ Qxf6 31. exf6+ 1-0

[Event "European Blitz 2015"]
[Site "Minsk BLR"]
[Date "2015.12.18"]
[Round "15.14"]
[White "Ragger, Markus"]
[Black "Tukhaev, Adam"]
[Result "1-0"]
[WhiteTitle "GM"]
[BlackTitle "GM"]
[WhiteElo "2687"]
[BlackElo "2564"]
[WhiteFideId "1610856"]
[BlackFideId "14109476"]
[EventDate "2015.12.18"]
[EventType "swiss (blitz)"]

1. d4 Nf6 2. Nf3 e6 3. c4 Bb4+ 4. Nbd2 O-O 5. a3 Be7 6. e4 d6 7. Be2 a5 8. b3 e5
9. O-O exd4 10. Nxd4 Nc6 11. Nb5 Nd7 12. Bb2 Nc5 13. Qc2 f5 14. b4 Na6 15. bxa5
Nc5 16. exf5 Bxf5 17. Qd1 Rxa5 18. Nb3 Nxb3 19. Qxb3 Kh8 20. Bf3 Ra8 21. Rfe1
Qd7 22. a4 Rae8 23. a5 Bg6 24. Nd4 Nxd4 25. Bxd4 c6 26. Qb2 Bd8 27. Rxe8 Rxe8
28. h3 h6 29. Bc3 Be4 30. Bh5 Rf8 31. Qd2 Bg5 32. Qe2 d5 33. cxd5 Qxd5 34. f3
Bh7 35. Qe5 Qxe5 36. Bxe5 Be3+ 37. Kh2 Bd2 38. Rd1 Bxa5 39. Rd7 Rg8 40. Bf7 Rf8
41. Bb3 Rf6 42. Bxf6 gxf6 43. Rxb7 Bc3 44. f4 Bd2 45. g3 Be4 46. Re7 f5 47. Be6
Bb4 48. Rf7 c5 49. Bxf5 1-0

[Event "European Blitz 2015"]
[Site "Minsk BLR"]
[Date "2015.12.18"]
[Round "15.15"]
[White "Kryakvin, Dmitry"]
[Black "Popov, Ivan RUS"]
[Result "1-0"]
[WhiteTitle "GM"]
[BlackTitle "GM"]
[WhiteElo "2529"]
[BlackElo "2650"]
[WhiteFideId "4153278"]
[BlackFideId "4170350"]
[EventDate "2015.12.18"]
[EventType "swiss (blitz)"]

1. d4 Nf6 2. c4 b6 3. Nf3 Bb7 4. g3 g6 5. Bg2 Bg7 6. O-O O-O 7. Nc3 Ne4 8. Bd2
c5 9. Nxe4 Bxe4 10. Bc3 d6 11. Rc1 Nc6 12. d5 Bxf3 13. Bxf3 Bxc3 14. Rxc3 Ne5
15. Bg2 Rb8 16. f4 Nd7 17. e4 b5 18. cxb5 Rxb5 19. Rf2 Rb4 20. b3 a5 21. Re3 c4
22. bxc4 Rxc4 23. h3 Qb6 24. Qf3 Qd4 25. Kh2 Rfc8 26. Rd3 Qc5 27. Re2 Rc1 28.
Rde3 Qd4 29. Qf2 Nc5 30. Rd2 Qa1 31. e5 Na4 32. exd6 exd6 33. f5 Nc3 34. fxg6
hxg6 35. Re7 Rf8 36. Qf6 Nxa2 37. Qxd6 Nb4 38. Rf2 Qd4 39. Qf4 Qxf4 40. gxf4 Nd3
41. Rf3 Rd1 42. f5 g5 43. f6 Nf4 44. Rg3 Ng6 45. Rxg5 Rb8 46. Ra7 Ra1 47. d6 Rd1
48. Rd5 Rc1 49. d7 Rd8 50. Rdxa5 Kh7 51. Rd5 Nf4 52. Rd4 Nxg2 53. Kxg2 Kg6 54.
Ra6 Rc2+ 55. Kg3 Rc7 56. Rad6 Rc3+ 57. Kg4 Rc1 58. h4 Rg1+ 59. Kf4 Rf1+ 60. Ke4
Rxf6 61. Ke5 Rxd6 62. Kxd6 1-0

[Event "European Blitz 2015"]
[Site "Minsk BLR"]
[Date "2015.12.18"]
[Round "15.16"]
[White "Chigaev, Maksim"]
[Black "Popov, Mikhail"]
[Result "1-0"]
[WhiteTitle "IM"]
[BlackTitle "FM"]
[WhiteElo "2526"]
[BlackElo "2280"]
[WhiteFideId "4108116"]
[BlackFideId "4146182"]
[EventDate "2015.12.18"]
[EventType "swiss (blitz)"]

1. e4 e6 2. d3 d5 3. Nd2 Nf6 4. Ngf3 c5 5. Be2 Nc6 6. O-O Be7 7. Re1 O-O 8. Bf1
b6 9. c3 Bb7 10. Qc2 Rc8 11. a3 a5 12. a4 Qc7 13. exd5 Nxd5 14. Nc4 Bf6 15. Bd2
Rfd8 16. Rad1 Nce7 17. Bc1 Ng6 18. Nfd2 Bg5 19. g3 h5 20. Bg2 h4 21. Ne4 Be7 22.
Qe2 Bc6 23. Qc2 Qd7 24. b3 Qb7 25. Bb2 Nf6 26. Nxf6+ Bxf6 27. Bxc6 Qxc6 28. Qe2
b5 29. axb5 Qxb5 30. Ba1 Qxb3 31. Nxa5 Qb5 32. Nc4 Ra8 33. Qe4 Rxa1 34. Rxa1
Bxc3 35. Rab1 Qd7 36. Red1 hxg3 37. hxg3 Bd4 38. Kg2 Qe7 39. Rb7 Qf6 40. Qf3
Qxf3+ 41. Kxf3 Ra8 42. Rdb1 f5 43. Rb8+ Rxb8 44. Rxb8+ Kf7 45. Rb7+ Kf6 46. Nd6
Ne5+ 47. Ke2 g5 48. Ne8+ Kg6 49. Rg7+ Kh6 50. Re7 f4 51. gxf4 gxf4 52. Rxe6+ Kg5
53. f3 Be3 54. Rxe5+ 1-0